000 00410nam a2200169Ia 4500
005 20240823052738.0
008 240823s9999||||xx |||||||||||||| ||und||
041 _aENGLISH
082 _A621.381 Q3
100 _aThiyagarajan V
245 0 _aElectronics and Microprocessors
250 _a9th
260 _c2013
_bA R Publica
500 _aTRANSFERED
650 _aElectronics
_bElectronics
942 _cBK
999 _c222587
_d222587